|
|
|
|
| LEADER |
00944nam a2200313 4500 |
| 001 |
DLU110130608 |
| 005 |
##20111223 |
| 040 |
# |
# |
|a DLU
|b eng
|
| 041 |
# |
# |
|a eng
|
| 044 |
# |
# |
|a gw
|
| 100 |
# |
# |
|a Jeong, Sookyung.
|
| 245 |
# |
# |
|a High-performance, layered, 3D-LiCoO2 cathodes with a nanoscale Co3O4 coating via chemical etching /
|c Sookyung Jeong, Soojin Park, Jaephil Cho.
|
| 653 |
# |
# |
|a Batteries
|
| 653 |
# |
# |
|a Chemical etching
|
| 653 |
# |
# |
|a LiCoO2
|
| 653 |
# |
# |
|a Morphology transitions
|
| 653 |
# |
# |
|a Rate capability
|
| 700 |
# |
# |
|a Cho, Jaephil.
|
| 700 |
# |
# |
|a Park, Soojin.
|
| 773 |
# |
# |
|t Advanced Energy Materials
|g Vol. 1, no. 3 (May 2011), p. 368-372
|
| 920 |
# |
# |
|a Phòng Tạp chí -- Trung tâm Thông tin - Thư viện Trường Đại học Đà Lạt
|
| 994 |
# |
# |
|a DLU
|
| 900 |
# |
# |
|a True
|
| 911 |
# |
# |
|a Trương Bảo Trâm Anh
|
| 925 |
# |
# |
|a G
|
| 926 |
# |
# |
|a A
|
| 927 |
# |
# |
|a BB
|
| 980 |
# |
# |
|a Thư viện Trường Đại học Đà Lạt
|